Internet of Things (Record no. 10705)

MARC details
000 -LEADER
fixed length control field 00398nam a22001697a 4500
003 - CONTROL NUMBER IDENTIFIER
control field OSt
008 - FIXED-LENGTH DATA ELEMENTS--GENERAL INFORMATION
fixed length control field 210710b ||||| |||| 00| 0 eng d
020 ## - INTERNATIONAL STANDARD BOOK NUMBER
International Standard Book Number 9788173719547
082 ## - DEWEY DECIMAL CLASSIFICATION NUMBER
Classification number 004.678 BAI
100 ## - MAIN ENTRY--PERSONAL NAME
Personal name BAHGA,Arshdeep
245 ## - TITLE STATEMENT
Title Internet of Things
260 ## - PUBLICATION, DISTRIBUTION, ETC. (IMPRINT)
Place of publication, distribution, etc New Delhi
Name of publisher, distributor, etc University Press
Date of publication, distribution, etc 2020
300 ## - PHYSICAL DESCRIPTION
Extent 520
650 ## - SUBJECT ADDED ENTRY--TOPICAL TERM
Topical term or geographic name as entry element MCA
700 ## - ADDED ENTRY--PERSONAL NAME
Personal name MADISETTI,Vijay
942 ## - ADDED ENTRY ELEMENTS (KOHA)
Source of classification or shelving scheme Dewey Decimal Classification
Koha item type Text Books
942 ## - ADDED ENTRY ELEMENTS (KOHA)
-- 3
Holdings
Withdrawn status Lost status Source of classification or shelving scheme Damaged status Not for loan Collection code Home library Current library Date acquired Source of acquisition Currency Cost, normal purchase price Bill Number Total Checkouts Full call number Acc. no. / Barcode Date last seen Date last borrowed Actual Cost, discounted price Bill Date Koha item type
    Dewey Decimal Classification     MCA PIET C-LIBRARY PIET C-LIBRARY 21/06/2021 Kirti Praskshan IN Rupees 775.00 IN2170 2 004.678 BAI 32989 20/06/2022 09/03/2022 519.25 21/06/2021 Text Books
    Dewey Decimal Classification     MCA PIET C-LIBRARY PIET C-LIBRARY 21/06/2021 Kirti Praskshan IN Rupees 775.00 IN2170 1 004.678 BAI 32990 04/02/2022 26/10/2021 519.25 21/06/2021 Text Books
    Dewey Decimal Classification     B.Tech(ECE) PIET C-LIBRARY PIET C-LIBRARY 28/03/2025 Zaffa Books INR 995.00 ZBD0591   004.678 BAI 38800 01/04/2025   696.50 28/03/2025 Reference Books
    Dewey Decimal Classification     B.Tech(ECE) PIET C-LIBRARY PIET C-LIBRARY 28/03/2025 Zaffa Books INR 995.00 ZBD0591   004.678 BAI 38801 01/04/2025   696.50 28/03/2025 Text Books
    Dewey Decimal Classification     B.Tech(ECE) PIET C-LIBRARY PIET C-LIBRARY 28/03/2025 Zaffa Books INR 995.00 ZBD0591   004.678 BAI 38802 01/04/2025   696.50 28/03/2025 Text Books
    Dewey Decimal Classification     B.Tech(ECE) PIET C-LIBRARY PIET C-LIBRARY 28/03/2025 Zaffa Books INR 995.00 ZBD0591   004.678 BAI 38803 01/04/2025   696.50 28/03/2025 Text Books
    Dewey Decimal Classification     B.Tech(ECE) PIET C-LIBRARY PIET C-LIBRARY 28/03/2025 Zaffa Books INR 995.00 ZBD0591   004.678 BAI 38804 01/04/2025   696.50 28/03/2025 Text Books
    Dewey Decimal Classification     B.Tech(ECE) PIET C-LIBRARY PIET C-LIBRARY 28/03/2025 Zaffa Books INR 995.00 ZBD0591   004.678 BAI 38805 01/04/2025   696.50 28/03/2025 Text Books
    Dewey Decimal Classification     B.Tech(ECE) PIET C-LIBRARY PIET C-LIBRARY 28/03/2025 Zaffa Books INR 995.00 ZBD0591 1 004.678 BAI 38806 23/09/2025 03/09/2025 696.50 28/03/2025 Text Books
    Dewey Decimal Classification     B.Tech(ECE) PIET C-LIBRARY PIET C-LIBRARY 28/03/2025 Zaffa Books INR 995.00 ZBD0591   004.678 BAI 38807 01/04/2025   696.50 28/03/2025 Text Books
    Dewey Decimal Classification     B.Tech(ECE) PIET C-LIBRARY PIET C-LIBRARY 28/03/2025 Zaffa Books INR 995.00 ZBD0591   004.678 BAI 38808 01/04/2025   696.50 28/03/2025 Text Books
    Dewey Decimal Classification     B.Tech(ECE) PIET C-LIBRARY PIET C-LIBRARY 28/03/2025 Zaffa Books INR 995.00 ZBD0591   004.678 BAI 38809 01/04/2025   696.50 28/03/2025 Text Books

Design & Developed by: PIET Central Library
R70 Miles Stone Pattikalyana Samalkha Panipat 132102
mail ID :- [email protected], Phone No:- 0180-2569700 Ex.216